Ładuje się......

Structure of mitochondria

Opis bibliograficzny
1. autor: E A Munn
Format: Printed Book
Język:Undetermined
Wydane: Academic Press 1974
London
Hasła przedmiotowe:
LEADER 00630nam a2200241Ia 4500
008 141122s9999 xx 000 0 und d
020 |a 125101503 
040 |c . 
041 |a English 
082 |a 611 
082 |b MUN/ST 
100 |a E A Munn 
245 |a Structure of mitochondria 
245 |c E A Munn 
260 |b Academic Press 
260 |b London 
260 |c 1974 
300 |a 468 Pages 
500 |a Closed 
650 |a Anatomy and Histology 
942 |c BK 
999 |c 17645  |d 17645 
952 |0 0  |1 0  |4 0  |6 611_000000000000000_MUNST  |7 0  |9 17324  |a COVAS  |b COVAS  |d 0000-00-00  |o 611 MUN/ST  |p 10054  |r 2014-11-26  |w 2014-11-26  |y BK